| 000 | 00466nam a2200157Ia 4500 | ||
|---|---|---|---|
| 999 |
_c19946 _d19946 |
||
| 003 | OSt | ||
| 005 | 20200617150938.0 | ||
| 008 | 190216s9999||||xx |||||||||||||| ||und|| | ||
| 040 | _coclc | ||
| 082 |
_a954.023 _bCHO/S |
||
| 100 |
_aChopra, P N _9632 |
||
| 245 | 0 |
_aSociety And Culture During The Mughal Age / _c P N Chopra |
|
| 260 |
_bAgam Prakashan, _c1988. _aNew Delhi: |
||
| 300 | _a439p | ||
| 942 |
_cBK _2ddc _h954.023 _iCHO/S _k954.023 _mCHO/S |
||